<?xml version="1.0" encoding="UTF-8"?>
<collection xmlns="http://www.loc.gov/MARC21/slim">
<record>
  <controlfield tag="000">02878cam\a2200457Ia\4500</controlfield>
  <controlfield tag="001">199637</controlfield>
  <controlfield tag="005">20251009100452.0</controlfield>
  <controlfield tag="008">071102e18490509nyu\\\\\\\\\\\000\0\eng\d</controlfield>
  <datafield tag="035" ind1=" " ind2=" ">
    <subfield code="a">(OCoLC)ocn183057122</subfield>
  </datafield>
  <datafield tag="040" ind1=" " ind2=" ">
    <subfield code="a">DFo</subfield>
    <subfield code="c">UXG</subfield>
    <subfield code="e">dcrmb</subfield>
    <subfield code="d">UXG</subfield>
    <subfield code="d">UtOrBLW</subfield>
  </datafield>
  <datafield tag="043" ind1=" " ind2=" ">
    <subfield code="a">n-us-ny</subfield>
  </datafield>
  <datafield tag="079" ind1=" " ind2=" ">
    <subfield code="a">ocn183037728</subfield>
  </datafield>
  <datafield tag="245" ind1="0" ind2="0">
    <subfield code="a">Working men, shall Americans or English rule! in this city? /</subfield>
    <subfield code="c">American Committee.</subfield>
  </datafield>
  <datafield tag="246" ind1="3" ind2="0">
    <subfield code="a">Shall Americans or English rule in this city?</subfield>
  </datafield>
  <datafield tag="260" ind1=" " ind2=" ">
    <subfield code="a">[New York, N.Y.] :</subfield>
    <subfield code="b">[s.n.],</subfield>
    <subfield code="c">[1849 May 09]</subfield>
  </datafield>
  <datafield tag="300" ind1=" " ind2=" ">
    <subfield code="a">1 sheet ([1] p.) ;</subfield>
    <subfield code="c">91 x 60 cm (full-sheet)</subfield>
  </datafield>
  <datafield tag="336" ind1=" " ind2=" ">
    <subfield code="a">text</subfield>
    <subfield code="b">txt</subfield>
    <subfield code="2">rdacontent</subfield>
  </datafield>
  <datafield tag="337" ind1=" " ind2=" ">
    <subfield code="a">unmediated</subfield>
    <subfield code="b">n</subfield>
    <subfield code="2">rdamedia</subfield>
  </datafield>
  <datafield tag="340" ind1=" " ind2=" ">
    <subfield code="m">full-sheet</subfield>
    <subfield code="2">rdabf</subfield>
  </datafield>
  <datafield tag="500" ind1=" " ind2=" ">
    <subfield code="a">Broadside continues: The crew of the British steamer have threatened all Americans who shall dare to express their opinions this night at the English aristocratic Opera House. We advocate no violence but a free expression of opinion to all public men. Workingmen! Freemen!! Stand by your lawful rights!</subfield>
  </datafield>
  <datafield tag="500" ind1=" " ind2=" ">
    <subfield code="a">The American Committee, better known as the Order of United Americans, was headed by Ned Buntline; Buntline was largely behind the events of May 10.</subfield>
  </datafield>
  <datafield tag="506" ind1="1" ind2=" ">
    <subfield code="a">RESTRICTED. Extremely fragile.</subfield>
    <subfield code="c">Review required (typical turnaround time 1 to 2 weeks).</subfield>
    <subfield code="z">Ink is cracking.</subfield>
  </datafield>
  <datafield tag="520" ind1=" " ind2=" ">
    <subfield code="a">This broadside incited the Astor Place Riot, which had its origins in a rivalry between American actor Edwin Forrest and British actor William Charles Macready and their supporters. The actors were each starring in competing productions of Macbeth, Forrest in the working class Bowery Theatre, and Macready in the upper class Astor Place Opera House.</subfield>
  </datafield>
  <datafield tag="530" ind1=" " ind2=" ">
    <subfield code="a">Also available as a digital reproduction.</subfield>
  </datafield>
  <datafield tag="583" ind1="0" ind2=" ">
    <subfield code="a">revised</subfield>
    <subfield code="c">2018-09</subfield>
    <subfield code="k">EEW</subfield>
    <subfield code="n">1</subfield>
    <subfield code="o">link</subfield>
    <subfield code="x">Luna</subfield>
    <subfield code="2">local</subfield>
    <subfield code="5">DFo</subfield>
  </datafield>
  <datafield tag="600" ind1="1" ind2="0">
    <subfield code="a">Forrest, Edwin,</subfield>
    <subfield code="d">1806-1872.</subfield>
    <subfield code="0">n 50024975</subfield>
  </datafield>
  <datafield tag="600" ind1="1" ind2="0">
    <subfield code="a">Macready, William Charles,</subfield>
    <subfield code="d">1793-1873.</subfield>
    <subfield code="0">no 91005705</subfield>
  </datafield>
  <datafield tag="600" ind1="1" ind2="0">
    <subfield code="a">Shakespeare, William,</subfield>
    <subfield code="d">1564-1616.</subfield>
    <subfield code="t">Macbeth.</subfield>
    <subfield code="0">n 82011242</subfield>
  </datafield>
  <datafield tag="600" ind1="1" ind2="0">
    <subfield code="a">Shakespeare, William,</subfield>
    <subfield code="d">1564-1616</subfield>
    <subfield code="x">Stage history</subfield>
    <subfield code="y">1800-1950.</subfield>
    <subfield code="0">sh 85121044</subfield>
  </datafield>
  <datafield tag="610" ind1="2" ind2="0">
    <subfield code="a">Astor Place Opera House.</subfield>
    <subfield code="0">nr 95035134</subfield>
  </datafield>
  <datafield tag="610" ind1="2" ind2="0">
    <subfield code="a">Bowery Theatre (New York, N.Y.)</subfield>
    <subfield code="0">sh2009003067</subfield>
  </datafield>
  <datafield tag="650" ind1=" " ind2="0">
    <subfield code="a">Astor Place Riot, New York, N.Y., 1849.</subfield>
    <subfield code="0">sh 85008873</subfield>
  </datafield>
  <datafield tag="655" ind1=" " ind2="7">
    <subfield code="a">Announcements.</subfield>
    <subfield code="0">300026707</subfield>
    <subfield code="2">aat</subfield>
  </datafield>
  <datafield tag="655" ind1=" " ind2="7">
    <subfield code="a">Broadsides (notices)</subfield>
    <subfield code="2">aat</subfield>
  </datafield>
  <datafield tag="700" ind1="1" ind2=" ">
    <subfield code="a">Buntline, Ned,</subfield>
    <subfield code="d">1822 or 1823-1886.</subfield>
    <subfield code="0">n 84130517</subfield>
  </datafield>
  <datafield tag="710" ind1="2" ind2=" ">
    <subfield code="a">Order of United Americans.</subfield>
    <subfield code="0">nr 97007868</subfield>
  </datafield>
  <datafield tag="752" ind1=" " ind2=" ">
    <subfield code="a">United States</subfield>
    <subfield code="b">New York (State)</subfield>
    <subfield code="d">New York.</subfield>
    <subfield code="2">naf</subfield>
  </datafield>
  <datafield tag="790" ind1="1" ind2=" ">
    <subfield code="a">Isaacs, Maxine,</subfield>
    <subfield code="e">funder.</subfield>
    <subfield code="5">DFo</subfield>
  </datafield>
  <datafield tag="790" ind1="1" ind2=" ">
    <subfield code="a">Ruxin, Paul,</subfield>
    <subfield code="e">funder.</subfield>
    <subfield code="5">DFo</subfield>
  </datafield>
  <datafield tag="852" ind1="8" ind2=" ">
    <subfield code="a">US-DFo</subfield>
    <subfield code="b">DeckC-Rare</subfield>
    <subfield code="h">263- 872b</subfield>
    <subfield code="z">Significant areas of paper restoration, filled in with manuscript facsimile. Manuscript initial: T.B.</subfield>
    <subfield code="x">DJL 2007.12.06</subfield>
    <subfield code="z">Adopted by Maxine Isaacs and Paul Ruxin, Acquisitions Night 2008.</subfield>
    <subfield code="7">239157</subfield>
    <subfield code="j">263872</subfield>
    <subfield code="r">RESTRICTED. Use digital reproduction. Original available by special permission only.</subfield>
  </datafield>
  <datafield tag="856" ind1="4" ind2="1">
    <subfield code="u">https://digitalcollections.folger.edu/img17267</subfield>
    <subfield code="z">Digital image(s) of Folger Shakespeare Library 263- 872b Map Case</subfield>
  </datafield>
  <datafield tag="909" ind1="C" ind2="O">
    <subfield code="o">oai:catalog.folger.edu:199637</subfield>
    <subfield code="p">GLOBAL_SET</subfield>
  </datafield>
  <datafield tag="980" ind1=" " ind2=" ">
    <subfield code="a">BIB</subfield>
  </datafield>
  <datafield tag="983" ind1=" " ind2=" ">
    <subfield code="a">Online</subfield>
  </datafield>
  <datafield tag="983" ind1=" " ind2=" ">
    <subfield code="a">Vault</subfield>
  </datafield>
</record>
</collection>